| 000 | 00484cam a2200193 4500 | ||
|---|---|---|---|
| 001 | J124670 | ||
| 008 | #DATE n2003 000 0 eng u | ||
| 022 | _a0266-6480 | ||
| 035 | _a(Sirsi) u124670 | ||
| 041 | _aeng | ||
| 245 | _aUrban Design Quarterly | ||
| 260 |
_aLondon _bUrban Design Group _c2003 |
||
| 350 | _a5 | ||
| 490 |
_aUrban Design Quarterly _v(88) Autumn 2003 |
||
| 650 | _aDESIGN | ||
| 650 | _aPLANNING LAW AND PRACTICE | ||
| 650 | _aURBAN RENEWAL | ||
| 942 | _n0 | ||
| 999 |
_c103266 _d103266 |
||